[Event "Berlin Lichtenrade op 06th"]
[Site "Berlin"]
[Date "2010.10.16"]
[Round "1"]
[White "Niehaus, Frank"]
[Black "Schalck, Christiano"]
[Result "1/2-1/2"]
[WhiteElo "2232"]
[BlackElo "1784"]
[PlyCount "59"]
[EventDate "2010.10.16"]
[EventType "swiss"]
[EventRounds "9"]
[EventCountry "GER"]
[SourceTitle "CBM 138 Extra"]
[Source "ChessBase"]
[SourceDate "2010.10.29"]
[SourceVersion "1"]
[SourceVersionDate "2010.10.29"]
[SourceQuality "1"]

1. e4 c5 2. Nf3 d6 3. d4 cxd4 4. Nxd4 Nf6 5. Nc3 g6 6. Be3 Bg7 7. f3 0-0 8. Qd2 Nc6 9. Bc4 Bd7 10. h4 Rc8 11. Bb3 Ne5 12. 0-0-0 h5 13. Bg5 Nc4 14. Bxc4 Rxc4 15. Nb3 Rc7 16. e5 dxe5 17. Nb5 Bxb5 18. Qxd8 Rxd8 19. Rxd8+ Kh7 20. Re1 Ne8 21. Kb1 b6 22. Nd2 f6 23. Be3 Nd6 24. Ne4 Nxe4 25. fxe4 Bc6 26. Bd2 Bb7 27. g3 Bc6 28. b3 e6 29. c4 f5 30. Kc2 1/2-1/2

[Event "Berlin op 09"]
[Site "Berlin"]
[Date "2006.10.04"]
[Round "5"]
[White "Schalck, Christiano"]
[Black "Dimitrijeski, Kristian"]
[Result "0-1"]
[WhiteElo "1624"]
[BlackElo "2104"]
[PlyCount "98"]
[EventDate "2006.09.30"]
[EventType "swiss"]
[EventRounds "9"]
[EventCountry "GER"]
[SourceTitle "EXT 2007"]
[Source "ChessBase"]
[SourceDate "2006.11.23"]
[SourceVersion "1"]
[SourceVersionDate "2006.11.23"]
[SourceQuality "1"]

1. e4 c6 2. d4 d5 3. Nd2 dxe4 4. Nxe4 Nd7 5. Ng5 Ngf6 6. Bd3 e6 7. N1f3 Bd6 8. Qe2 h6 9. Ne4 Nxe4 10. Qxe4 Qc7 11. 0-0 b6 12. Qg4 Kf8 13. b3 Bb7 14. Bb2 Nf6 15. Qh4 Rd8 16. Rae1 Nd5 17. c4 Nf4 18. Be4 g5 19. Nxg5 Be7 20. Nxe6+ Nxe6 21. Qh5 Nf4 22. Qf3 Rg8 23. g3 Nh3+ 24. Kg2 Ng5 25. Qh5 Qd6 26. Bb1 Bc8 27. Kh1 Qf6 28. f4 Ne6 29. Rd1 c5 30. d5 Qxb2 31. dxe6 Bb7+ 32. Rd5 fxe6 33. Qxh6+ Qg7 34. Qxe6 Qf6 35. Qe4 Bxd5 36. cxd5 Rh8 37. Re1 Rh5 38. Rd1 Qd6 39. a3 Rxd5 40. Re1 Rd1 41. Qf5+ Qf6 42. Rg1 Rxg1+ 43. Kxg1 Qxf5 44. Bxf5 b5 45. h4 c4 46. bxc4 bxc4 47. h5 c3 48. h6 Rd1+ 49. Kg2 c2 0-1

[Event "Berlin op 08"]
[Site "Berlin"]
[Date "2006.08.27"]
[Round "9"]
[White "Schalck, Christiano"]
[Black "Janke, Jeffrey"]
[Result "1-0"]
[WhiteElo "1677"]
[BlackElo "1555"]
[PlyCount "55"]
[EventDate "2006.08.19"]
[EventType "swiss"]
[EventRounds "9"]
[EventCountry "GER"]
[SourceTitle "EXT 2007"]
[Source "ChessBase"]
[SourceDate "2006.11.23"]
[SourceVersion "1"]
[SourceVersionDate "2006.11.23"]
[SourceQuality "1"]

1. e4 e5 2. Nf3 Nc6 3. Bc4 Bc5 4. c3 Nf6 5. d4 exd4 6. cxd4 Bb4+ 7. Nc3 d6 8. Bg5 h6 9. Bxf6 Qxf6 10. h3 0-0 11. 0-0 Bxc3 12. bxc3 Qg6 13. Qd3 Re8 14. Rfe1 Bd7 15. Bb3 Qf6 16. Bc2 g6 17. Rab1 b6 18. Ba4 Nb8 19. Qc4 c5 20. Qd5 Bxa4 21. Qxa8 Qe7 22. Qd5 Bc6 23. Qb3 Bxe4 24. Nd2 Qb7 25. f3 Bc6 26. Rxe8+ Bxe8 27. Ne4 Qe7 28. Qd5 1-0

[Event "Berlin op 05"]
[Site "Berlin"]
[Date "2006.05.27"]
[Round "6"]
[White "Schalck, Christiano"]
[Black "Springer, Guido"]
[Result "0-1"]
[WhiteElo "1616"]
[BlackElo "1736"]
[PlyCount "48"]
[EventDate "2006.05.24"]
[EventType "swiss"]
[EventRounds "7"]
[EventCountry "GER"]
[SourceTitle "EXT 2007"]
[Source "ChessBase"]
[SourceDate "2006.11.23"]
[SourceVersion "1"]
[SourceVersionDate "2006.11.23"]
[SourceQuality "1"]

1. e4 e5 2. Nf3 Nc6 3. Bc4 Nf6 4. Ng5 d5 5. exd5 Nd4 6. c3 b5 7. Bf1 Nxd5 8. Ne4 Qh4 9. Ng3 Bg4 10. f3 Bd6 11. cxd4 exd4 12. Bxb5+ Kd8 13. 0-0 Bf5 14. Bc6 Rb8 15. Bxd5 Bd3 16. Re1 Rb5 17. Be4 Rh5 18. Bxd3 Qxh2+ 19. Kf1 Bxg3 20. Be4 d3 21. Bxd3 Qh1+ 22. Ke2 Qxg2+ 23. Ke3 Bf2+ 24. Ke2 Bd4# 0-1

[Event "Berlin op 05"]
[Site "Berlin"]
[Date "2006.05.24"]
[Round "1"]
[White "Schalck, Christiano"]
[Black "Gebigke, Martin"]
[Result "0-1"]
[WhiteElo "1616"]
[BlackElo "2105"]
[PlyCount "80"]
[EventDate "2006.05.24"]
[EventType "swiss"]
[EventRounds "7"]
[EventCountry "GER"]
[SourceTitle "EXT 2007"]
[Source "ChessBase"]
[SourceDate "2006.11.23"]
[SourceVersion "1"]
[SourceVersionDate "2006.11.23"]
[SourceQuality "1"]

1. e4 c5 2. Nf3 d6 3. d4 cxd4 4. Nxd4 Nf6 5. Nc3 a6 6. Bg5 e6 7. f4 Be7 8. Qf3 Qc7 9. 0-0-0 Nbd7 10. g4 b5 11. Bxf6 Nxf6 12. g5 Nd7 13. f5 Bxg5+ 14. Kb1 Ne5 15. Qh5 Qe7 16. Nxe6 g6 17. Qxg5 fxe6 18. Qxe7+ Kxe7 19. fxe6 Bxe6 20. Nd5+ Bxd5 21. Rxd5 Rhf8 22. a4 bxa4 23. Ra5 Rf2 24. Rxa4 Rc8 25. c3 Rb8 26. Rb4 Rxb4 27. cxb4 Nc6 28. Bxa6 Nxb4 29. Bc4 g5 30. h3 h5 31. b3 Kf6 32. Kc1 Ke5 33. Rg1 Kf4 34. Bf7 g4 35. Bxh5 g3 36. Be8 g2 37. Bb5 Na2+ 38. Kd1 Nc3+ 39. Ke1 Ke3 40. Bf1 Re2+ 0-1

[Event "Berlin op 09"]
[Site "Berlin"]
[Date "2005.10.24"]
[Round "7"]
[White "Fuchs, Joerg"]
[Black "Schalck, Christiano"]
[Result "1-0"]
[WhiteElo "1609"]
[BlackElo "1587"]
[PlyCount "57"]
[EventDate "2005.09.05"]
[EventType "swiss"]
[EventRounds "7"]
[EventCountry "GER"]
[SourceTitle "EXT 2007"]
[Source "ChessBase"]
[SourceDate "2006.11.23"]
[SourceVersion "1"]
[SourceVersionDate "2006.11.23"]
[SourceQuality "1"]

1. Nf3 d5 2. g3 Nd7 3. c4 dxc4 4. Qc2 Nb6 5. Bg2 e6 6. 0-0 Nf6 7. Rd1 Bd6 8. d3 cxd3 9. Rxd3 0-0 10. Nc3 Nbd5 11. Nxd5 exd5 12. Nh4 c6 13. Rb3 Qd7 14. Bg5 Ng4 15. Bh3 Ne3 16. Qxh7+ Kxh7 17. Bxd7 Nc2 18. Rc1 Nd4 19. Bxc8 Nxb3 20. Bf5+ g6 21. axb3 gxf5 22. Nxf5 Be5 23. f4 Bxb2 24. Rc2 Ba3 25. g4 a6 26. Rc3 Rae8 27. Rh3+ Kg8 28. Bf6 Bc5+ 29. Kf1 1-0

[Event "Berlin SF Neukoelln op 3rd"]
[Site "Berlin"]
[Date "2004.03.12"]
[Round "6"]
[White "Schalck, Christiano"]
[Black "Lauber, Alexander"]
[Result "1-0"]
[WhiteElo "1608"]
[BlackElo "1798"]
[PlyCount "66"]
[EventDate "2004.02.07"]
[EventType "swiss"]
[EventRounds "7"]
[EventCountry "GER"]
[SourceTitle "EXT 2022"]
[Source "ChessBase"]
[SourceDate "2021.10.06"]
[SourceVersion "1"]
[SourceVersionDate "2021.10.06"]
[SourceQuality "1"]

1. e4 c5 2. Nf3 Nc6 3. d4 cxd4 4. Nxd4 Nf6 5. Nc3 e5 6. Ndb5 d6 7. Bg5 a6 8. Bxf6 gxf6 9. Na3 b5 10. Nd5 Bg7 11. Bd3 Be6 12. 0-0 Ne7 13. c4 Bxd5 14. cxd5 f5 15. f3 f4 16. Nc2 0-0 17. Kh1 f5 18. a4 Qd7 19. axb5 axb5 20. Qe2 Rab8 21. Nb4 Rf6 22. Ra5 Rbf8 23. Bxb5 Qd8 24. Ra7 Rh6 25. Rd7 Qe8 26. Rxd6 Qh5 27. Rxh6 Qxh6 28. Ra1 fxe4 29. fxe4 f3 30. gxf3 Ng6 31. Nd3 Nh4 32. Ne1 Qf6 33. Ra3 Bh6 1-0

[Event "Berlin SF Neukoelln op 3rd"]
[Site "Berlin"]
[Date "2004.02.07"]
[Round "1"]
[White "Mielke, Sven"]
[Black "Schalck, Christiano"]
[Result "1-0"]
[WhiteElo "1968"]
[BlackElo "1608"]
[PlyCount "85"]
[EventDate "2004.02.07"]
[EventType "swiss"]
[EventRounds "7"]
[EventCountry "GER"]
[SourceTitle "EXT 2022"]
[Source "ChessBase"]
[SourceDate "2021.10.06"]
[SourceVersion "1"]
[SourceVersionDate "2021.10.06"]
[SourceQuality "1"]

1. e4 e5 2. Nf3 Nc6 3. d4 exd4 4. Bc4 Nf6 5. 0-0 Nxe4 6. Re1 d5 7. Bxd5 Qxd5 8. Nc3 Qa5 9. Nxe4 Be6 10. Neg5 0-0-0 11. Nxe6 fxe6 12. Rxe6 Bd6 13. Bd2 Qh5 14. h3 Rhe8 15. Ng5 Qxd1+ 16. Rxd1 h6 17. Rxe8 Rxe8 18. Nf3 Bc5 19. Ne1 Ne5 20. Bf4 Bb6 21. Kf1 c5 22. b3 Bc7 23. a4 b6 24. Ra1 g5 25. Bxe5 Bxe5 26. Nd3 Bd6 27. Re1 Rxe1+ 28. Kxe1 Kd7 29. Ke2 Ke6 30. Kf3 Kd5 31. Nb2 a6 32. Nc4 Bc7 33. Na3 Bf4 34. g3 Bd2 35. Nc4 Ba5 36. Nxa5 bxa5 37. Ke2 h5 38. f3 h4 39. f4 gxf4 40. gxh4 Ke4 41. h5 f3+ 42. Kf2 c4 43. bxc4 1-0

[Event "Berlin Eckbauer op 4th"]
[Site "Berlin"]
[Date "2001.11.05"]
[Round "6"]
[White "Schalck, Christiano"]
[Black "Kautz, Stefan"]
[Result "1/2-1/2"]
[WhiteElo "1584"]
[BlackElo "1863"]
[PlyCount "134"]
[EventDate "2001.10.??"]
[EventType "swiss"]
[EventRounds "7"]
[EventCountry "GER"]
[SourceTitle "EXT 2005"]
[Source "ChessBase"]
[SourceDate "2004.11.15"]
[SourceVersion "1"]
[SourceVersionDate "2004.11.15"]
[SourceQuality "1"]

1. e4 c5 2. Nf3 d6 3. d4 cxd4 4. Nxd4 Nf6 5. Nc3 a6 6. Bc4 Qc7 7. Bb3 e6 8. f4 Nc6 9. Be3 Be7 10. Qf3 Bd7 11. 0-0-0 Na5 12. f5 Nxb3+ 13. cxb3 e5 14. Nde2 b5 15. Kb1 b4 16. Nd5 Nxd5 17. Rxd5 Bc6 18. Rd2 Qb7 19. Ng3 f6 20. Re1 a5 21. Bg1 0-0 22. Nh5 Rf7 23. g4 Rd8 24. Ng3 d5 25. exd5 Rxd5 26. Rxd5 Bxd5 27. Qe3 Bf8 28. Rc1 Rc7 29. Rxc7 Qxc7 30. Qb6 Qc6 31. Qxc6 Bxc6 32. Bb6 Bf3 33. h3 Kf7 34. Kc2 Bd6 35. Kd3 Bd5 36. Ne4 Bf8 37. Bxa5 Ke8 38. Bb6 Kd7 39. Be3 Kc6 40. h4 h6 41. g5 fxg5 42. hxg5 h5 43. Bf2 Bg8 44. Bh4 Kd5 45. Ng3 Bf7 46. g6 Bg8 47. Nxh5 e4+ 48. Ke2 Ke5 49. f6 gxf6 50. Nxf6 Be6 51. Ne8 Bc5 52. g7 Kf5 53. Nf6 Be7 54. g8Q Bxg8 55. Nxg8 Bxh4 56. Nh6+ Ke5 57. Ng4+ Kd4 58. Ne3 Bg5 59. Nc4 Bc1 60. Kd1 Bf4 61. a4 bxa3 62. bxa3 Kc3 63. Na5 Kb2 64. a4 Kc3 65. Ke2 Kb4 66. Nc6+ Kxb3 67. a5 Bc7 1/2-1/2

[Event "Berlin Eckbauer op 4th"]
[Site "Berlin"]
[Date "2001.10.15"]
[Round "3"]
[White "Schalck, Christiano"]
[Black "Stuerzebecher, Siegfried"]
[Result "1-0"]
[WhiteElo "1584"]
[BlackElo "1551"]
[PlyCount "73"]
[EventDate "2001.10.??"]
[EventType "swiss"]
[EventRounds "7"]
[EventCountry "GER"]
[SourceTitle "EXT 2005"]
[Source "ChessBase"]
[SourceDate "2004.11.15"]
[SourceVersion "1"]
[SourceVersionDate "2004.11.15"]
[SourceQuality "1"]

1. e4 d6 2. d4 Nf6 3. Bd3 g6 4. Ne2 Bg7 5. f3 c6 6. Be3 Nbd7 7. Qd2 0-0 8. Bh6 e5 9. c3 d5 10. Bxg7 Kxg7 11. g4 exd4 12. cxd4 dxe4 13. fxe4 Nxg4 14. h4 h5 15. Nbc3 b5 16. e5 Nb6 17. Qf4 f5 18. 0-0-0 Be6 19. Kb1 b4 20. d5 cxd5 21. Nb5 Nd7 22. Ned4 Re8 23. Nd6 Ndxe5 24. Nxe8+ Qxe8 25. Ba6 Bc8 26. Bb5 Qe7 27. Rhe1 Qf6 28. Rc1 a6 29. Rc7+ Nf7 30. Be8 Ngh6 31. Ree7 Kg8 32. Bc6 Rb8 33. Bxd5 Kf8 34. Bxf7 Nxf7 35. Rxf7+ Qxf7 36. Rxf7+ Kxf7 37. Qxb8 1-0